Shadow over development (Record no. 76226)
[ view plain ]
| 000 -LEADER | |
|---|---|
| fixed length control field | 01453cab a2200241 4500 |
| 001 - CONTROL NUMBER | |
| control field | ##L131657 |
| 008 - FIXED-LENGTH DATA ELEMENTS--GENERAL INFORMATION | |
| fixed length control field | 051128n2005 000 0 eng u |
| 035 ## - SYSTEM CONTROL NUMBER | |
| System control number | (Sirsi) u131657 |
| 041 0# - LANGUAGE CODE | |
| Language code of text/sound track or separate title | eng |
| 100 1# - MAIN ENTRY--PERSONAL NAME | |
| Personal name | DeLaney, Caroline |
| 245 00 - TITLE STATEMENT | |
| Title | Shadow over development |
| 260 3# - PUBLICATION, DISTRIBUTION, ETC. | |
| Date of publication, distribution, etc. | 2005 |
| 490 #0 - SERIES STATEMENT | |
| Series statement | Estates Gazette |
| Volume/sequential designation | (0546) 19 November 2005, 169-170(2) |
| 520 ## - SUMMARY, ETC. | |
| Summary, etc. | Considers the increasing importance to developers of good access to light both in terms of planning and design and private legal rights to light. Examines the main guidance to rights of light: PPG3, the Town and Country Planning Act 1990 s237 and key judgments such as "Midtown Ltd v City of London Real Property Co Ltd" ([2005] EWHC 33 (Ch), [2005] , Abs68690). Concludes that new buildings on urban sites must be designed to allow in sufficient daylight and to respect existing neighbouring uses. Neighbouring landowners have rights to prevent infringements to their rights of light but local authorities have the power to convert rights into compensation to allow development to proceed. |
| 590 ## - LOCAL NOTE (RLIN) | |
| Local note | IKA061205 |
| 650 24 - SUBJECT ADDED ENTRY--TOPICAL TERM | |
| Topical term or geographic name entry element | TOWN AND COUNTRY PLANNING ACT 1990 S237 |
| 650 24 - SUBJECT ADDED ENTRY--TOPICAL TERM | |
| Topical term or geographic name entry element | CITY OF LONDON V INTERCEDE 1765 LTD |
| 650 24 - SUBJECT ADDED ENTRY--TOPICAL TERM | |
| Topical term or geographic name entry element | MIDTOWN LTD V CITY OF LONDON REAL PROPERTY CO LTD |
| 650 24 - SUBJECT ADDED ENTRY--TOPICAL TERM | |
| Topical term or geographic name entry element | PLANNING POLICY GUIDANCE NOTE THREE |
| 690 ## - LOCAL SUBJECT ADDED ENTRY--TOPICAL TERM (OCLC, RLIN) | |
| Topical term or geographic name as entry element | PROPERTY-PROPERTY MANAGEMENT-EASEMENTS-RIGHTS TO LIGHT DETERMINATION-RIGHTS TO LIGHT |
| 700 1# - ADDED ENTRY--PERSONAL NAME | |
| Personal name | Kitson, Tony |
| 942 ## - ADDED ENTRY ELEMENTS (KOHA) | |
| Suppress in OPAC | 0 |
| Withdrawn status | Lost status | Source of classification or shelving scheme | Damaged status | Not for loan | Home library | Current library | Shelving location | Date acquired | Total Checkouts | Full call number | Barcode | Date last seen | Copy number | Price effective from | Koha item type |
|---|---|---|---|---|---|---|---|---|---|---|---|---|---|---|---|
| Dewey Decimal Classification | London | London | Journal article | 28/11/2005 | L131657 | 131657-1001 | 06/08/2019 | 1 | 06/08/2019 | Journal article |